000 01405nam a2200361 a 4500
001 ebr10672551
003 CaPaEBR
006 m u
007 cr cn|||||||||
008 130110s2013 ne a sb 001 0 eng d
010 _z 2012049583
020 _z9789027243492 (hb)
020 _z9789027272195 (e-book)
040 _aCaPaEBR
_cCaPaEBR
035 _a(OCoLC)847628319
050 1 4 _aP99.4.I26
_bP76 2013eb
082 0 4 _a414/.6
_223
245 0 0 _aProsody and iconicity
_h[electronic resource] /
_cedited by Sylvie Hancil, Daniel Hirst.
260 _aAmsterdam ;
_aPhiladelphia :
_bJohn Benjamins Pub. Co.,
_c2013.
300 _axv, 252 p. :
_bill.
490 1 _aIconicity in language and literature,
_x1873-5037 ;
_vv. 13
504 _aIncludes bibliographical references and index.
533 _aElectronic reproduction.
_bPalo Alto, Calif. :
_cebrary,
_d2013.
_nAvailable via World Wide Web.
_nAccess may be limited to ebrary affiliated libraries.
650 0 _aIconicity (Linguistics)
650 0 _aVersification.
650 0 _aLanguage and languages.
655 7 _aElectronic books.
_2local
700 1 _aHancil, Sylvie.
700 1 _aHirst, Daniel.
710 2 _aebrary, Inc.
830 0 _aIconicity in language and literature ;
_vv. 13.
856 4 0 _uhttp://site.ebrary.com/lib/rucke/Doc?id=10672551
_zAn electronic book accessible through the World Wide Web; click to view
999 _c63468
_d63468